00354nam a22001097a 4500008004100000020001800041050002300059100002900082245007200111260005100183300001000234150326b xxu||||| |||| 00| 0 eng d a9781593398378 aREF AE 5 .E53 2010 aHoiberg, Dale H., Editor aEncyclopedia Britannica/cDale H. Hoiberg and Michael Levy, Editors aChicago:bEncyclopedia Britannica, Inc,c2010. a744p.